000 00628nam a2200205Ia 4500
008 241004s9999 xx 000 0 und d
020 _a9789354791994
037 _aTextbook
040 _aARTS
_beng
_cARTS
041 _aeng
_2eng
084 _aW.2 R2
_qARTS
100 _aWanjari Dhananjay Soindaji Au.
_9724753
245 _aInheritance, hierarchy and caste: origins of political decay in India
_cWanjari Dhananjay Soindaji Au.
260 _aUSA
_bLos Angeles Sage
_c2022
300 _axxi,312p.
365 _aINR
_b1395
650 _aPolitical Science
942 _cTB
_hW.2 R2
999 _c1218918
_d1218918